| 000 | 00874pam a2200229 a 4500 | ||
|---|---|---|---|
| 020 | _a0471533874 (alk. paper) : | ||
| 082 | 0 | 0 |
_a519.536 _bMON _cL-39, P163 |
| 100 | 1 |
_aMontgomery, Douglas C. _918348 |
|
| 245 | 1 | 0 |
_aIntroduction to linear regression analysis / _cDouglas C. Montgomery, Elizabeth A. Peck. |
| 250 | _a2nd ed. | ||
| 260 |
_aNew York : _bWiley, _cc1992. |
||
| 300 |
_axiv, 527 p. : _bill. ; _c25 cm. |
||
| 500 | _a"A Wiley-Interscience publication." | ||
| 526 |
_a0 _b0 _c0 _d519_536000000000000_MON |
||
| 650 | 0 |
_aMCE _9379 |
|
| 650 | 0 |
_aRegression analysis. _926737 |
|
| 700 | 1 |
_aPeck, Elizabeth A., _939495 |
|
| 856 | 4 | 1 | _uhttp://www.loc.gov/catdir/enhancements/fy0608/91021553-t.html |
| 856 | 4 | 2 | _uhttp://www.loc.gov/catdir/enhancements/fy0608/91021553-d.html |
| 856 | 4 | 2 | _uhttp://www.loc.gov/catdir/enhancements/fy0609/91021553-b.html |
| 942 |
_2ddc _cBK |
||
| 999 |
_c543978 _d543978 |
||